LDR 00660naa#a2200193#i#450# 001 EN\\bibl\124604 005 20260607022003.7 011 ## _a2073-1574 100 ## _a20260529b2026####ek#y0engy0150####ca 102 ## _aRU 200 1# _aStrategic forecast for the development of navigation methods in the near future _eJournal article 210 1# _aAstrakhan _cAstrakhan State Technical University _d2026 215 ## _a6 с. 608 ## _aJournal article _2local 675 ## _aМорское судоходство. 656.61 _z 700 #1 _aBondarev _gVitaly Alexandrovich 700 #1 _aBondareva _gOlga Mikhailovna 700 #1 _aRagulina _gIzumrud Ramazanovna 856 4# _avestnik.astu.org _u